000 00456nam a2200181Ia 4500
001 3088
005 20260306144855.0
008 260306t2021||||xx |||||||||||||| ||spa||
041 _aESP
082 _a249.8
_bS26
100 _aSarmiento, Augusto
_eAUT
245 0 _aEl matrimonio y la familia cristiana:
_bcuestiones fundamentales
260 _c2021
300 _a170 páginas :
_c24 cm.
650 _aGEN
654 _aCHU
942 _cLIB
_dJUS
_fJUS
_2ddc
_n
999 _c3088
_d3088